| 000 | 00520nam a2200205Ia 4500 | ||
|---|---|---|---|
| 001 | 15065 | ||
| 003 | GE_BSU | ||
| 008 | 181216s||||||||xx |||||||||||||| ||und|| | ||
| 040 | _cGE_BSU | ||
| 080 | _a514 | ||
| 100 | _aВеннинджер,М. | ||
| 245 | _aМодели многогранников | ||
| 245 | _cПод.ред.И.М.Яглома | ||
| 260 | _aМосква | ||
| 260 | _bМир | ||
| 260 | _c1974 | ||
| 300 | _a236стр.26см. | ||
| 653 | _aМодели многогранников | ||
| 942 | _cBK | ||
| 999 |
_c48183 _d48183 |
||